000
00204 a2200097 4500
001
15048
100
_a
Carson A
245
_a
A train to Tarragona
260
_a
London
_b
Methuen
_c
090
_c
11803
_d
11803
942
_a
NUST-CAE
_c
M
_c
2007
999
_c
250121
_d
250121